The Soviets and overselves Landsmen and seafarers (Record no. 187394)
[ view plain ]
| 000 -LEADER | |
|---|---|
| fixed length control field | 00805 a2200193 4500 |
| 003 - CONTROL NUMBER IDENTIFIER | |
| control field | Nust |
| 005 - DATE AND TIME OF LATEST TRANSACTION | |
| control field | 20230204144145.0 |
| 010 ## - LIBRARY OF CONGRESS CONTROL NUMBER | |
| LC control number | 45007665 |
| 040 ## - CATALOGING SOURCE | |
| Transcribing agency | Nust |
| 082 ## - DEWEY DECIMAL CLASSIFICATION NUMBER | |
| Classification number | 947,LOV |
| 100 ## - MAIN ENTRY--PERSONAL NAME | |
| Personal name | Lovell, Maurice. |
| 9 (RLIN) | 108545 |
| 245 ## - TITLE STATEMENT | |
| Title | The Soviets and overselves Landsmen and seafarers |
| Remainder of title | With 14 isotype charts in colour and 32 photographs / |
| Statement of responsibility, etc. | Maurice Lovell |
| 260 ## - PUBLICATION, DISTRIBUTION, ETC. | |
| Place of publication, distribution, etc. | London, Toronto [etc.] |
| Name of publisher, distributor, etc. | G. G. Harrap |
| Date of publication, distribution, etc. | 1945 |
| 300 ## - PHYSICAL DESCRIPTION | |
| Extent | 63 p. |
| Other physical details | illus. |
| Dimensions | (incl. ports) 23 cm. |
| 505 ## - FORMATTED CONTENTS NOTE | |
| Formatted contents note | The Trouble With The Russians Is (Page-9), How Big Is The Question (Page-23), Well, It’s A Long Story (Page-28), What Are The Facts (Page-39), More Facts (Page-44), Getting On With The Russian (Page-61). |
| 600 ## - SUBJECT ADDED ENTRY--PERSONAL NAME | |
| Personal name | Lovell, Maurice. |
| 9 (RLIN) | 108545 |
| 650 ## - SUBJECT ADDED ENTRY--TOPICAL TERM | |
| Topical term or geographic name entry element | Comparison of Russia & England |
| 9 (RLIN) | 108546 |
| 942 ## - ADDED ENTRY ELEMENTS (KOHA) | |
| Source of classification or shelving scheme | |
| Koha item type | Book |
| Withdrawn status | Lost status | Source of classification or shelving scheme | Damaged status | Not for loan | Permanent Location | Current Location | Shelving location | Date acquired | Full call number | Barcode | Date last seen | Price effective from | Koha item type | Public note |
|---|---|---|---|---|---|---|---|---|---|---|---|---|---|---|
| Military College of Signals (MCS) | Military College of Signals (MCS) | General Stacks | 12/12/2016 | 947,LOV | MCS29069 | 12/08/2016 | 12/12/2016 | Book | Almirah No. 60, Shelf No. 6 |
